| 000 | 005110000a22001810004500 | ||
|---|---|---|---|
| 020 | _a0-7725-1666-9 | ||
| 041 | 0 | _aENG | |
| 082 | 0 | 4 | _aG 306.6 B581f |
| 100 | 1 | _aBibby, Reginald W. (Wayne) (1943-) | |
| 245 | 1 | 0 | _aFragmented Gods : The poverty and potential of religion in Canada / Reginald W. Bibby |
| 260 | _aToronto, Canada : Irwin | ||
| 300 | _a319 Pag | ||
| 001 | 9452 | ||
| 942 | _cBK | ||
| 999 |
_c39459 _d39459 |
||
| 336 |
_atexto _btxt _2rdacontent |
||
| 337 |
_2rdamedia _asin mediación _bn |
||
| 338 |
_2rdacarrier _avolumen _bnc |
||